000 00760nam a22002417a 4500
001 6910
003 FISKH
005 20250826144502.0
008 250606b cb ||||| |||| 00| 0 eng d
020 _a9780688147402
040 _aFISKH
_beng
_cFISKH
_dFISKH
050 _aQA447 .H63
082 _a 516.215
100 _aHoban, Tana
245 _aShapes, shapes, shapes /
_cby Tana Hoban
260 _aNew York :
_bScholastic,
_c1986.
300 _a32 unnumbered pages :
_bcolor illustrations ;
_c21 x 26 cm
505 _aNP
520 _aPhotographs of familiar objects such as chair, barrettes, and manhole cover present a study of rounded and angular shapes.
650 _aMath
_vShapes
_xPhotography
942 _2ddc
_cBK
_n0
999 _c6910
_d6910